| 000 | 00604nam a2200169 i 4500 | ||
|---|---|---|---|
| 001 | 166311 | ||
| 003 | ES-MaACL | ||
| 005 | 20230906213314.0 | ||
| 008 | 050913s1880 sp | |||||||| ||spa d | ||
| 040 |
_aCAM _bspa _cCAM |
||
| 100 | 1 |
_aTinajero Martínez, Vicente. _9110300 |
|
| 245 | 1 | 0 |
_aPolystoria / _cpor Vicente Tinajero Martinez. |
| 260 |
_aMadrid : _b[s.n.], _c1880. |
||
| 300 |
_a166 p. ; _c22 cm. |
||
| 650 | 0 | 4 |
_aHistoriografía. _913439 |
| 852 |
_aES-MaACL _jT-350-F-11 _z-- Enc. hol. _z-- Enc. en un vol. facticio _zEjemplar nº 46 de una tirada de 50, para la Biblioteca del Ateneo de Madrid |
||
| 999 |
_c166311 _d166311 |
||